[Event "Duisburg SBDU-ch"]
[Site "Duisburg Wohndorf Laar"]
[Date "2009.10.02"]
[Round "3"]
[White "Hoppe, Norbert"]
[Black "Germann, Norbert"]
[Result "1-0"]
[WhiteElo "1585"]
[BlackElo "1847"]
[PlyCount "125"]
[EventDate "2009.09.11"]
[EventType "swiss"]
[EventRounds "7"]
[EventCountry "GER"]
[SourceTitle "EXT 2018"]
[Source "ChessBase"]
[SourceDate "2017.10.13"]
[SourceVersion "1"]
[SourceVersionDate "2017.10.13"]
[SourceQuality "1"]

1. e4 c5 2. Nf3 e6 3. d4 cxd4 4. Nxd4 Nf6 5. Nc3 d6 6. Bc4 Be7 7. Be3 0-0 8. 0-0 Nxe4 9. Nxe4 d5 10. Bd3 dxe4 11. Bxe4 Nd7 12. Nb3 Qc7 13. Qe2 Nf6 14. Bf3 Bd7 15. c4 a6 16. a4 Rac8 17. Rfc1 Bc6 18. a5 Nd7 19. g3 Ne5 20. Bxc6 Qxc6 21. Nd2 Rfd8 22. Rc3 Bb4 23. Rb3 Bxd2 24. Bxd2 Qxc4 25. Qxc4 Nxc4 26. Bc3 Nd6 27. Rb6 Rd7 28. Rd1 Rcd8 29. Rdxd6 Rxd6 30. Rxb7 f6 31. Kg2 R8d7 32. Rb8+ Kf7 33. h4 h5 34. Rh8 Kg6 35. Rb8 Rc6 36. Ra8 Rb7 37. Rd8 Kf5 38. Ra8 Rd7 39. Rh8 Kg6 40. Ra8 Rb7 41. Bd4 Kf5 42. Rh8 g6 43. Ra8 e5 44. Bc3 Rd7 45. Rb8 e4 46. Re8 Re6 47. Rf8 Rd3 48. Rc8 Kg4 49. Rc4 f5 50. Rc5 Rf3 51. Rc4 f4 52. Be1 fxg3 53. fxg3 Re3 54. Rc5 Re2+ 55. Bf2 Rxf2+ 56. Kxf2 Rf6+ 57. Kg2 Rf5 58. Rc6 Rb5 59. Rxg6+ Kf5 60. Rg5+ Ke6 61. Rxb5 axb5 62. a6 e3 63. Kf3 1-0

[Event "Duisburg SBDU-ch"]
[Site "Duisburg Wohndorf Laar"]
[Date "2008.10.10"]
[Round "3"]
[White "Hampel, Ernst"]
[Black "Germann, Norbert"]
[Result "0-1"]
[WhiteElo "1594"]
[BlackElo "1802"]
[PlyCount "70"]
[EventDate "2008.09.05"]
[EventType "swiss"]
[EventRounds "7"]
[EventCountry "GER"]
[SourceTitle "EXT 2018"]
[Source "ChessBase"]
[SourceDate "2017.10.13"]
[SourceVersion "1"]
[SourceVersionDate "2017.10.13"]
[SourceQuality "1"]

1. d4 Nf6 2. c4 g6 3. Nc3 d5 4. cxd5 Nxd5 5. e4 Nxc3 6. bxc3 Bg7 7. Be3 c5 8. Ne2 Qa5 9. f3 0-0 10. Kf2 Nc6 11. Qd2 cxd4 12. Nxd4 Rd8 13. Rd1 e5 14. Bg5 Rd6 15. Bh6 exd4 16. Bxg7 Kxg7 17. Qf4 Qc5 18. Kg3 Rf6 19. cxd4 Nxd4 20. Qd2 Qc7+ 21. f4 Ne6 22. e5 Rxf4 23. Qd6 Qxd6 24. Rxd6 Re4 25. Rd5 Rd4 26. Rd6 Bd7 27. Be2 Bc6 28. Rd1 Rxd1 29. Bxd1 Rd8 30. Rxd8 Nxd8 31. h4 Bd5 32. a3 Nc6 33. Bg4 Nxe5 34. Bc8 Nc4 35. a4 Nb6 0-1